La legación de Chile en Bolivia (Record no. 145157)

MARC details
000 -LEADER
campo de control de longitud fija 00941nam a2200229 i 4500
001 - NÚMERO DE CONTROL
campo de control 145157
003 - IDENTIFICADOR DE NÚMERO DE CONTROL
campo de control ES-MaACL
005 - FECHA Y HORA DE LA ÚLTIMA TRANSACCIÓN
campo de control 20250928112635.0
007 - CAMPO FIJO DE DESCRIPCIÓN FÍSICA--INFORMACIÓN GENERAL
campo de control de longitud fija t|
008 - DATOS DE LONGITUD FIJA--INFORMACIÓN GENERAL
campo de control de longitud fija 070214s1912 cl r ||||1| spa d
100 1# - ENTRADA PRINCIPAL--NOMBRE DE PERSONA
Nombre de persona Sotomayor Valdés, Ramón.
9 (RLIN) 107546
245 13 - MENCIÓN DEL TÍTULO
Título La legación de Chile en Bolivia
Resto del título : desde Septiembre de 1867 hasta principios de 1871 : contiene los principales documentos diplomáticos, precedidos de algunos apuntes históricos sobre la administración del general Melgarejo. /
Mención de responsabilidad, etc. Ramón Sotomayor Valdés.
250 ## - MENCION DE EDICION
Mención de edición 2ª. ed.
260 ## - PUBLICACIÓN, DISTRIBUCIÓN, ETC.
Lugar de publicación, distribución, etc. Santiago de Chile :
Nombre del editor, distribuidor, etc. [s. n.],
Fecha de publicación, distribución, etc. 1912 (
Fabricante Imp. de San José)
300 ## - DESCRIPCIÓN FÍSICA
Extensión 399 p. ;
Dimensiones 28 cm.
651 #4 - PUNTO DE ACCESO ADICIONAL DE MATERIA--NOMBRE GEOGRÁFICO
Nombre geográfico Chile-
Subdivisión general Relaciones-
Subdivisión geográfica Bolivia.
9 (RLIN) 160063
651 #4 - PUNTO DE ACCESO ADICIONAL DE MATERIA--NOMBRE GEOGRÁFICO
Nombre geográfico Bolivia-
Subdivisión general Relaciones-
Subdivisión geográfica Chile.
9 (RLIN) 160064
651 #4 - PUNTO DE ACCESO ADICIONAL DE MATERIA--NOMBRE GEOGRÁFICO
Nombre geográfico Bolivia-
Subdivisión general Historia-
Subdivisión cronológica 1825-1879.
9 (RLIN) 160065
700 1# - ENTRADA AGREGADA--NOMBRE PERSONAL
Nombre de persona Melgarejo, Mariano,
Fechas asociadas al nombre 1820-1871
9 (RLIN) 160062
852 ## - LOCALIZACIÓN
Ubicación ES-MaACL
Número de control de estantería G-3002
Holdings
Estatus retirado Estado de pérdida Estado de daño No para préstamo Biblioteca de origen Biblioteca actual Ubicación en estantería Fecha de adquisición Fuente de adquisición Total de préstamos Signatura topográfica completa Código de barras Visto por última vez Precio de reemplazo Tipo de ítem Koha
        Biblioteca del Ateneo de Madrid Biblioteca del Ateneo de Madrid Depósito 2 17/01/2008     G-3002 1151522 23/02/2023 23/02/2023 Libro impreso